[Event "Enschede op-B U16"]
[Site "Enschede"]
[Date "2009.08.05"]
[Round "5"]
[White "Voorn, Bart"]
[Black "De Vries, Joel"]
[Result "0-1"]
[WhiteElo "1719"]
[BlackElo "1741"]
[PlyCount "48"]
[EventDate "2009.08.03"]
[EventType "swiss"]
[EventRounds "9"]
[EventCountry "NED"]
[SourceTitle "CBM 132 Extra"]
[Source "ChessBase"]
[SourceDate "2009.11.03"]
[SourceVersion "1"]
[SourceVersionDate "2009.11.03"]
[SourceQuality "1"]

1. e4 e6 2. d4 d5 3. Nd2 dxe4 4. Nxe4 Nd7 5. Nf3 Ngf6 6. Ng3 Be7 7. Bd3 0-0 8. 0-0 b6 9. Qe2 Bb7 10. Re1 c5 11. c3 Qc7 12. Bg5 h6 13. Bd2 Rfd8 14. Rac1 Bd6 15. Ne5 Bxe5 16. dxe5 Nxe5 17. Bf4 Qc6 18. Be4 Nxe4 19. Nxe4 Nd3 20. Qg4 e5 21. Bg3 Nxc1 22. Bxe5 Qg6 23. Qxg6 fxg6 24. Nd6 Nd3 0-1

[Event "Enschede op-B U16"]
[Site "Enschede"]
[Date "2009.08.03"]
[Round "1"]
[White "Voorn, Bart"]
[Black "Wenninger, Philipp"]
[Result "0-1"]
[WhiteElo "1719"]
[BlackElo "1988"]
[PlyCount "54"]
[EventDate "2009.08.03"]
[EventType "swiss"]
[EventRounds "9"]
[EventCountry "NED"]
[SourceTitle "CBM 132 Extra"]
[Source "ChessBase"]
[SourceDate "2009.11.03"]
[SourceVersion "1"]
[SourceVersionDate "2009.11.03"]
[SourceQuality "1"]

1. e4 c6 2. d4 d5 3. Nc3 dxe4 4. Nxe4 Bf5 5. Ng3 Bg6 6. h4 h6 7. Nf3 Nd7 8. h5 Bh7 9. Bd3 Bxd3 10. Qxd3 e6 11. Bf4 Qa5+ 12. Bd2 Qc7 13. 0-0-0 Ngf6 14. Ne4 Be7 15. g3 Nxe4 16. Qxe4 Nf6 17. Qe2 0-0-0 18. Bf4 Bd6 19. Bxd6 Rxd6 20. c4 Rhd8 21. Rh4 c5 22. Kb1 cxd4 23. Nxd4 Qc5 24. Qd3 e5 25. Qf5+ Kb8 26. Nc6+ bxc6 27. Rxd6 Qxd6 0-1